ბათუმის შოთა რუსთაველის სახელმწიფო უნივერსიტეტის ბიბლიოთეკა

THE MINDUP Curriculum : (ბიბ.ჩანაწერი № 49668)

000 -LEADER
fixed length control field 00550nam a2200193Ia 4500
001 - CONTROL NUMBER
control field 16600
003 - CONTROL NUMBER IDENTIFIER
control field GE_BSU
005 - DATE AND TIME OF LATEST TRANSACTION
control field 20200131140124.0
008 - FIXED-LENGTH DATA ELEMENTS--GENERAL INFORMATION
fixed length control field 181216s2011||||en |||||||||||||| ||eng||
020 ## - INTERNATIONAL STANDARD BOOK NUMBER
International Standard Book Number 978-0545267120
040 ## - CATALOGING SOURCE
Transcribing agency GE_BSU
080 ## - UNIVERSAL DECIMAL CLASSIFICATION NUMBER
Universal Decimal Classification number 37 T-44
245 #4 - TITLE STATEMENT
Title THE MINDUP Curriculum :
Remainder of title Grades PreK–2: Brain-Focused Strategies for Learning—and Living
264 ## - PRODUCTION, PUBLICATION, DISTRIBUTION, MANUFACTURE, AND COPYRIGHT NOTICE
Place of production, publication, distribution, manufacture New York :
Name of producer, publisher, distributor, manufacturer Scholastic,
Date of production, publication, distribution, manufacture, or copyright notice 2011.
300 ## - PHYSICAL DESCRIPTION
Extent 160 p .:
Dimensions 27 cm.
653 ## - INDEX TERM--UNCONTROLLED
keyword THE MINDUP Curriculum
653 ## - INDEX TERM--UNCONTROLLED
keyword პედაგოგიკა
942 ## - ADDED ENTRY ELEMENTS (KOHA)
Koha item type წიგნი
Source of classification or shelving scheme
ეგზემპლარები
Withdrawn status Lost status Source of classification or shelving scheme Damaged status Not for loan Permanent Location Current Location Shelving location Date acquired Cost, normal purchase price Full call number Barcode Date last seen Copy number Price effective from Koha item type Public note
          ბათუმის შოთა რუსთაველის სახელმწიფო უნივერსიტეტის მთავარი ბიბლიოთეკა ბათუმის შოთა რუსთაველის სახელმწიფო უნივერსიტეტის მთავარი ბიბლიოთეკა წიგნსაცავი 2018-12-17 58.00 37 T-44 45125 2018-12-17 45125 2018-12-17 წიგნი 58 gel.